近15年平均世界排名最高的30支女排国家队 - Statistics

General Stats
  • This quiz has been taken 10 times
  • The average score is 24 of 30
Answer Stats
大洲 女排国家队 平均排名 % Correct
1 北美洲 美国 2.20
100%
2 南美洲 巴西 2.73
100%
3 亚洲 中国 3.47
100%
4 欧洲 意大利 5.00
100%
6 亚洲 日本 5.80
100%
7 欧洲 俄罗斯 6.00
100%
8 亚洲 土耳其 8.20
100%
12 亚洲 泰国 14.13
100%
16 北美洲 加拿大 16.80
100%
17 亚洲 韩国 17.07
100%
22 北美洲 古巴 23.13
100%
23 北美洲 墨西哥 24.67
100%
10 欧洲 德国 11.40
90%
11 欧洲 荷兰 11.73
90%
13 南美洲 阿根廷 15.80
90%
20 欧洲 捷克 22.67
90%
5 欧洲 塞尔维亚 5.33
80%
9 北美洲 多米尼加 8.87
80%
15 欧洲 波兰 16.33
80%
18 欧洲 比利时 18.20
80%
24 南美洲 哥伦比亚 24.87
80%
21 欧洲 保加利亚 22.93
70%
26 南美洲 秘鲁 26.60
70%
30 欧洲 法国 35.27
70%
25 非洲 喀麦隆 25.27
60%
27 欧洲 克罗地亚 26.80
60%
19 非洲 肯尼亚 21.53
40%
28 亚洲 哈萨克斯坦 27.40
40%
14 北美洲 波多黎各 16.27
30%
29 亚洲 阿塞拜疆 32.07
30%
No matching quizzes found
Score Distribution
Percent of People with Each Score
Percentile by Number Answered
Your Score History
You have not taken this quiz